| 000 | 00509nam a2200181Ia 4500 | ||
|---|---|---|---|
| 003 | GCL | ||
| 008 | 140319s9999 xx 000 0 ara d | ||
| 040 |
_aGCL / _cGCL |
||
| 082 | 0 | 4 |
_aق _b962.064 _bح ع |
| 100 | 1 | _aحسنين كروم | |
| 245 | 1 | 0 |
_aعبدالناصر بين هيكل ومصطفى امين / _cحسنين كروم |
| 300 | _a203 ص | ||
| 490 | _a | ||
| 650 | 0 | 4 | _aمصطفى امين |
| 650 | 0 | 4 | _aمحمد حسنين هيكل |
| 650 | 0 | 4 | _aجمال عبدالناصر |
| 942 |
_2ddc _cBK |
||
| 999 |
_c43539 _d43539 |
||